000 00802nam a22001937a 4500
999 _c58571
_d58571
003 Ge_BSU
005 20220606124920.0
008 220606s2021 ge ||||| |||| 00| 0 geo d
020 _a9789941977039
041 _ageo
080 _a16(075.3) თ-72
100 _aთომაშვილი, ნინო
_913983
245 _aლოგიკა :
_bდამხმარე სახელმძღვანელო /
_cნინო თომაშვილი; რედაქტორი ვალერიან რამიშვილი.
264 _aთბილისი :
_bCarpe diem,
_c2021.
300 _a200 გვ.;
_b17 სმ.
653 _aლოგიგა
700 _aრამიშვილი, ვალერიან
_eრედაქტორი
_91173
942 _2udc
_cBK